Platón y Parménides / (Record no. 8385)

MARC details
000 -LEADER
campo de control de longitud fija 00808nam a2200265 i 4500
001 - NÚMERO DE CONTROL
campo de control 8385
003 - IDENTIFICADOR DE NÚMERO DE CONTROL
campo de control ES-MaACL
005 - FECHA Y HORA DE LA ÚLTIMA TRANSACCIÓN
campo de control 20230906145439.0
007 - CAMPO FIJO DE DESCRIPCIÓN FÍSICA--INFORMACIÓN GENERAL
campo de control de longitud fija t|
008 - DATOS DE LONGITUD FIJA--INFORMACIÓN GENERAL
campo de control de longitud fija 920615s1989 sp ||||1| spa d
020 ## - NÚMERO INTERNACIONAL ESTÁNDAR DEL LIBRO
Número Internacional Estándar del Libro 84-7774-514-5
080 ## - NÚMERO DE LA CLASIFICACIÓN DECIMAL UNIVERSAL
Número de la Clasificación Decimal Universal 1 Platón
080 ## - NÚMERO DE LA CLASIFICACIÓN DECIMAL UNIVERSAL
Número de la Clasificación Decimal Universal 1 Parménides
100 1# - ENTRADA PRINCIPAL--NOMBRE DE PERSONA
Nombre de persona Cornford, Francis Macdonald (
Fechas asociadas al nombre 1874-1943)
9 (RLIN) 156750
245 10 - MENCIÓN DEL TÍTULO
Título Platón y Parménides /
Mención de responsabilidad, etc. F. M. Cornford ; [traducción de Francisco Giménez García].
260 ## - PUBLICACIÓN, DISTRIBUCIÓN, ETC.
Lugar de publicación, distribución, etc. Madrid :
Nombre del editor, distribuidor, etc. Visor,
Fecha de publicación, distribución, etc. D.L. 1989.
300 ## - DESCRIPCIÓN FÍSICA
Extensión 348 p. ;
Dimensiones 22 cm.
490 1# - MENCIÓN DE SERIE
Mención de serie balsa de la medusa ;
Designación de volumen o secuencia 14
600 04 - PUNTO DE ACCESO ADICIONAL DE MATERIA--NOMBRE DE PERSONA
Nombre de persona Platón.
9 (RLIN) 92598
600 04 - PUNTO DE ACCESO ADICIONAL DE MATERIA--NOMBRE DE PERSONA
Nombre de persona Parménides.
9 (RLIN) 89198
700 1# - ENTRADA AGREGADA--NOMBRE PERSONAL
Nombre de persona Giménez García, Francisco.
9 (RLIN) 57048
830 0# - PUNTO DE ACCESO ADICIONAL DE SERIE-TÍTULO UNIFORME
Título uniforme balsa de la medusa ;
Designación de volumen o secuencia 14
9 (RLIN) 177961
852 ## - LOCALIZACIÓN
Ubicación ES-MaACL
Número de control de estantería L-15790
Sublocalización o colección R.120169
Holdings
Estatus retirado Estado de pérdida Estado de daño No para préstamo Biblioteca de origen Biblioteca actual Ubicación en estantería Fecha de adquisición Fuente de adquisición Total de préstamos Signatura topográfica completa Código de barras Visto por última vez Precio de reemplazo Tipo de ítem Koha
        Biblioteca del Ateneo de Madrid Biblioteca del Ateneo de Madrid Depósito 2 17/01/2008     L-15790 1008561 23/02/2023 23/02/2023 Libro impreso